| 000 | 00399nam a2200157Ia 4500 | ||
|---|---|---|---|
| 008 | 230312s9999||||xx |||||||||||||| ||und|| | ||
| 020 | _a0-07-115113-3 | ||
| 082 |
_a302.35 _bMcS |
||
| 100 | _aMcShane Steven L | ||
| 245 | 0 | _aOrganization Behaviour | |
| 260 |
_bMcGrew _aBoston _c2003 |
||
| 300 | _a690 | ||
| 546 | _aEng. | ||
| 650 |
_aEconomics _vemerging,realites,workplace,revolution |
||
| 942 | _cBK | ||
| 999 |
_c2785 _d2785 |
||